|
|
|
|
| LEADER |
01035cam a2200277 7i4500 |
| 001 |
0000068868 |
| 005 |
20220602090000.0 |
| 020 |
|
|
|a 9781108480543 (hbk)
|
| 020 |
|
|
|a 9781108635462 (electronic book)
|
| 020 |
|
|
|a 9781108727723 (pbk)
|
| 090 |
0 |
0 |
|a BF431
|b .C36 2020
|
| 245 |
0 |
4 |
|a The Cambridge handbook of intelligence and cognitive neuroscience
|c edited by Aron K. Barbey, Sherif Karama, Richard J. Haier.
|
| 264 |
|
|
|a New York:
|b Cambridge University Press,
|c 2022.
|
| 300 |
|
|
|a 1 online resource (xix, 482 pages):
|b text file, PDF.
|
| 336 |
|
|
|a text
|2 rdacontent
|
| 337 |
|
|
|a computer
|2 rdamedia
|
| 338 |
|
|
|a online resource
|2 rdacarrier
|
| 650 |
0 |
0 |
|a Intellect
|
| 650 |
0 |
0 |
|a Cognitive neuroscience
|
| 655 |
0 |
0 |
|a Electronic books
|
| 700 |
1 |
|
|a Barbey, Aron K.
|
| 700 |
1 |
|
|a Karama, Sherif
|
| 700 |
1 |
|
|a Haier, Richard J.
|
| 856 |
4 |
2 |
|u http://library.unisel.edu.my/web/guest/mylibrary
|
| 997 |
|
|
|a Education & Social Sciences, Faculty
|b Social Sciences, Department
|
| 999 |
|
|
|a EBO0012857
|b EBOOK
|c EBOOK
|e Electronic resources
|